000 00807nam a2200253Ia 4500
005 20210727153054.0
008 121119s2001 sp gr 000 f spa
020 _a848461090X
041 1 _aspa
100 1 _aDostoievski, Fiodor Mijailovich
_d1821-1881
245 1 4 _aLos hermanos Karamazov
_cFiodor M. Dostoievski ; traducción, Antonio Rodriguez Salvatierra
250 _aPrimera edición
300 _a542 páginas
_c22 cm
650 1 4 _aNovela rusa
_2LEMB
650 1 4 _aSufrimiento
_vNovela
650 1 4 _aLuchas sociales
_vNovela
_2LEMB
942 _2loc
_cBKLIT
264 _aBarcelona
_bEdicomunicación
_c[2001]
336 _atexto
_btxt
_2rdacontent
337 _asin mediación
_bn
_2rdamedia
338 _avolumen
_bnc
_2rdacarrier
040 _aCO-BoRNBP
_bspa
_erda
_cCO-BoRNBP
084 _aN DOS1
999 _c1913
_d1913